000 00281nam a2200109Ia 4500
008 190914s9999||||xx |||||||||||||| ||und||
100 _aHennessy, John
245 0 _aComputer Architecture :A Quantitative Approach
260 _aDelhi
_bViva Books
_c2000
300 _a434
942 _cBK
999 _c8900
_d8900